000 00712nam a2200253Ia 4500
003 OSt
005 20220927110415.0
006 a|||||r|||| 00| 0
007 ta
008 220926b |||||||| |||| 00| 0 eng d
024 _a56073
037 _cReports
040 _aRTL
_cRTL
_beng
041 _2eng
_aeng
082 _a"X:97D:(Z2.N26).262r, G D"
110 _aWest Bengal. India Trade union act 1926
_9377941
245 0 _aAnnual report
260 _aAlipore
_bGovt Press India
490 _v1959
650 _aTrade Unioing
_9377942
700 _aWest Bengal. India Trade union act 1926
_9377943
942 _h"X:97D:(Z2.N26).262r, G D"
_cCC
999 _c696522
_d696522